000 00307nam a22001337a 4500
008 170508b xxu||||| |||| 00| 0 eng d
020 _a9780131421325
041 _aeng
080 _a342
100 _a14
101 _aSHJ
245 _aPROACTIVE SECURITY ADMINISTRATION
_cCURTIS.G.E
942 _2udc
_cBK
999 _c12949
_d12949